| 000 | 02131nam0a2200409 4500 | ||
|---|---|---|---|
| 001 | RU\NLR\BIBL_A\022599962 | ||
| 005 | 20260420051945.0 | ||
| 010 |
_a978-5-6053051-3-2 _9100 |
||
| 021 |
_aRU _bКН-П-25-035575 _9КН-П-25-3503 |
||
| 035 | _a(NLR Aleph) 022599962 | ||
| 090 |
_a13681288 _c13681288 |
||
| 100 | _a20250812d2025 u y0rusy50 ca | ||
| 101 | 0 | _arus | |
| 102 | _aRU | ||
| 105 | _ac|||z|||000gy | ||
| 181 | 0 |
_ai3 _baxxe |
|
| 182 | 0 | _an | |
| 200 | 1 |
_aВечное возвращение _eпьеса в стихах (фронтовая мелодрама) в поддержку Специальной военной операции _fна стихи Игоря Витюка, Оксаны Москаленко, Татьяны Селезнёвой [и др.] |
|
| 203 |
_aТекст _bвизуальный _cнепосредственный |
||
| 210 |
_aСергиев Посад _cЛаркин А. А. _d2025 |
||
| 215 |
_a95 с. _cпортр. _d15 |
||
| 225 | 1 |
_aZ-поэзия _eкнижная серия |
|
| 300 | _aДоп. информ. в ссылках QR-кодов | ||
| 300 | _aНа с. 72-81 авт.: И. Е. Витюк, поэт, публицист, лит. критик, заслуж. работник культуры Рос. Федерации, полк. запаса, О. Б. Москаленко, инж., поэт, публицист, Т. И. Селезнёва, поэт, публицист, лит. критик | ||
| 686 | 2 | _aШ6(2=Р)8-62Витюк | |
| 686 | 2 | _aШ6(2=Р)8-62Москаленко | |
| 686 | 2 | _aШ6(2=Р)8-62Селезнёва | |
| 701 | 1 |
_aВитюк _bИ. Е. _f1960- _gИгорь Евгеньевич |
|
| 701 | 1 |
_aМоскаленко _bО. Б. _f1969- _gОксана Брониславовна |
|
| 701 | 1 |
_aСелезнёва _f1995- _gТатьяна Игоревна |
|
| 942 | _cBOOK | ||
| 980 | _aNB | ||